[Event "BL 8384 Koblenz-Delmenhorst"]
[Site "?"]
[Date "1984.??.??"]
[Round "?.2"]
[White "Wolf, V."]
[Black "Hermann, Man"]
[Result "1-0"]
[WhiteElo "2245"]
[BlackElo "2335"]
[PlyCount "129"]
[EventDate "1984.??.??"]

1. e4 e5 2. Nf3 Nc6 3. Nc3 Nf6 4. d4 exd4 5. Nxd4 Bb4 6. Nxc6 bxc6 7. Bd3 d5 8.
exd5 cxd5 9. O-O O-O 10. Bg5 c6 11. Ne2 Bg4 12. c3 Bc5 13. h3 Bh5 14. Qa4 Bxe2
15. Bxe2 Qd6 16. Bf3 Nd7 17. Bf4 Qf6 18. Bg3 Nb6 19. Qc2 Bd6 20. Bxd6 Qxd6 21.
Rad1 Rad8 22. b3 Rfe8 23. Rd2 Nd7 24. g3 Qf6 25. Bg2 g6 26. Rfd1 Nc5 27. c4 d4
28. b4 d3 29. Qb2 Qxb2 30. Rxb2 Re2 31. Rbd2 Ne4 32. Rxd3 Rxd3 33. Rxd3 Nxf2
34. Rd6 Rxa2 35. Rxc6 Nd3 36. b5 Kg7 37. Rd6 Ra3 38. Kh2 h5 39. h4 Ne5 40. Bd5
Ng4+ 41. Kg2 Ne3+ 42. Kf2 Nxd5 43. Rxd5 Rc3 44. c5 Kf6 45. c6 Ke6 46. Rd8 Rc5
47. Ke3 Ke7 48. Rb8 Kd6 49. Kd4 Rd5+ 50. Kc4 Rc5+ 51. Kb4 Rc1 52. Rd8+ Ke6 53.
Ra8 Rb1+ 54. Kc5 Rc1+ 55. Kd4 Kd6 56. Rxa7 Rd1+ 57. Ke3 Re1+ 58. Kd2 Re5 59.
Rd7+ Ke6 60. Rb7 Kd6 61. c7 Rd5+ 62. Ke3 Re5+ 63. Kf3 Rf5+ 64. Kg2 Rc5 65. b6
1-0

[Event "BL 8384 Koblenz-Delmenhorst"]
[Site "?"]
[Date "1984.??.??"]
[Round "?.3"]
[White "Meyer, H."]
[Black "Schulz, KJ."]
[Result "0-1"]
[WhiteElo "2340"]
[BlackElo "2330"]
[PlyCount "110"]
[EventDate "1984.??.??"]

1. d4 Nf6 2. c4 d6 3. Nf3 Nbd7 4. g3 g6 5. Bg2 Bg7 6. O-O O-O 7. Nc3 c6 8. Qc2
Re8 9. Rd1 e5 10. dxe5 dxe5 11. h3 Qc7 12. Be3 Nb6 13. b3 Bf5 14. Qb2 Nbd7 15.
Rd2 Bf8 16. Rad1 Bb4 17. g4 Bxc3 18. Qxc3 Ne4 19. Qc1 Nxd2 20. Nxd2 Be6 21. Ne4
f5 22. gxf5 Bxf5 23. Nd6 Re6 24. c5 Nf8 25. Bg5 e4 26. Qf4 Qg7 27. Qh4 b6 28.
Nc4 bxc5 29. f3 e3 30. Bxe3 Rae8 31. Bh6 g5 32. Bxg7 gxh4 33. Bxf8 Rg6 34. Bxc5
Bxh3 35. Ne3 Bxg2 36. Kf2 h3 37. Bd6 Rd8 38. Bh2 Rxd1 39. Nxd1 Rg7 40. Ne3 Rd7
41. Be5 Rd2 42. a4 Ra2 43. Bf4 Rb2 44. a5 Rxb3 45. Bc7 a6 46. Nc4 Kf7 47. Nd2
Rc3 48. Be5 Rc2 49. Ne4 c5 50. Ke3 c4 51. Bf4 Bf1 52. Nd2 Bxe2 53. Kxe2 c3 54.
Kd3 Rxd2+ 55. Bxd2 h2 0-1

[Event "BL 8384 Koblenz-Delmenhorst"]
[Site "?"]
[Date "1984.??.??"]
[Round "?.8"]
[White "Brueckner, T."]
[Black "Dornieden, M."]
[Result "1-0"]
[WhiteElo "2250"]
[BlackElo "2290"]
[PlyCount "67"]
[EventDate "1984.??.??"]

1. e4 g6 2. d4 Bg7 3. Nf3 d6 4. Be2 Nf6 5. Nc3 O-O 6. O-O c6 7. a4 a5 8. h3 Na6
9. Be3 Nb4 10. Qd2 Qc7 11. Rac1 Rd8 12. Rfd1 Bd7 13. Bh6 Bh8 14. Qg5 d5 15. e5
Ne4 16. Qh4 Nxc3 17. bxc3 Na2 18. Bf4 Nxc3 19. Bd3 Qc8 20. Ng5 h5 21. Re1 Ne4
22. g4 Nxg5 23. Qxg5 hxg4 24. Bxg6 Bg7 25. Bd3 c5 26. Qh5 e6 27. Qh7+ Kf8 28.
Bg5 Bxa4 29. Bf6 Bxf6 30. exf6 Ke8 31. Qg8+ Kd7 32. Qxf7+ Kc6 33. Rxe6+ Rd6 34.
Rxd6+ 1-0

[Event "BL 8384 Porz-HSK"]
[Site "?"]
[Date "1984.??.??"]
[Round "?.1"]
[White "Nunn, J."]
[Black "Hort, V."]
[Result "1/2-1/2"]
[WhiteElo "2590"]
[BlackElo "2595"]
[PlyCount "66"]
[EventDate "1984.??.??"]

1. e4 c6 2. d4 d5 3. e5 Bf5 4. Nc3 Qd7 5. Be3 h6 6. h3 e6 7. g4 Bh7 8. f4 Bb4
9. Nge2 Na6 10. Ng3 Nc7 11. a3 Be7 12. h4 O-O-O 13. h5 c5 14. Qd2 Qc6 15. Bg2
Kb8 16. O-O Bh4 17. Nge2 c4 18. Rf3 Qb6 19. Rb1 g6 20. Rh3 Be7 21. Ng3 Bf8 22.
b3 cxb3 23. Rxb3 Qc6 24. hxg6 fxg6 25. a4 Ne7 26. Nb5 Nxb5 27. axb5 Qd7 28. b6
a6 29. Bf1 Rc8 30. Bd3 Qa4 31. Rb1 Nc6 32. c3 Na5 33. Ne2 Nc4 1/2-1/2

[Event "BL 8384 Porz-HSK"]
[Site "?"]
[Date "1984.??.??"]
[Round "?.2"]
[White "Miles, A."]
[Black "Chandler, M."]
[Result "1-0"]
[WhiteElo "2585"]
[BlackElo "2485"]
[PlyCount "115"]
[EventDate "1984.??.??"]

1. c4 c5 2. g3 e6 3. Bg2 Nc6 4. Nf3 d5 5. O-O Nf6 6. d4 Be7 7. cxd5 exd5 8. Nc3
O-O 9. dxc5 Bxc5 10. Bg5 d4 11. Bxf6 Qxf6 12. Nd5 Qd8 13. Nd2 Re8 14. Re1 a6
15. Rc1 Ba7 16. Qb3 Rb8 17. Qa3 Re5 18. Nf4 Ra5 19. Qb3 Rb5 20. Qc2 Bf5 21. Be4
Bxe4 22. Nxe4 Qe7 23. Nd2 Re8 24. Nd3 Ne5 25. Nf3 Nc6 26. Qc4 g6 27. a3 Na5 28.
Qc7 Nb3 29. Qxe7 Rxe7 30. Rc8+ Kg7 31. Kf1 Rd5 32. Rd1 Rd6 33. Nd2 Na5 34. b4
Nc6 35. Rc1 g5 36. Nf3 h6 37. Rc2 Bb6 38. a4 Na7 39. Ra8 Nc6 40. Nd2 Rf6 41.
Nc4 Bc7 42. b5 Na5 43. Nxa5 Bxa5 44. Rcc8 Bc3 45. Rh8 Rg6 46. bxa6 bxa6 47.
Rhg8+ Kh7 48. Rxg6 Kxg6 49. Rxa6+ f6 50. g4 Re8 51. Ra7 h5 52. h3 Re6 53. a5
hxg4 54. hxg4 Re8 55. a6 Ba5 56. Rb7 Ra8 57. a7 Bc3 58. Kg2 1-0

[Event "BL 8384 Porz-HSK"]
[Site "?"]
[Date "1984.??.??"]
[Round "?.5"]
[White "Gruenberg, Ra"]
[Black "Ostermeyer, P."]
[Result "1/2-1/2"]
[WhiteElo "2265"]
[BlackElo "2450"]
[PlyCount "73"]
[EventDate "1984.??.??"]

1. d4 Nf6 2. c4 e6 3. Nc3 Bb4 4. e3 c5 5. Nge2 cxd4 6. exd4 O-O 7. a3 Be7 8. d5
exd5 9. cxd5 Re8 10. d6 Bf8 11. g3 Re6 12. Bg2 Rxd6 13. Qc2 Nc6 14. O-O Re6 15.
b4 a6 16. Nf4 Re8 17. Nfd5 Nxd5 18. Nxd5 b5 19. Be3 Rb8 20. Rae1 Bb7 21. Be4 h6
22. f4 Ba8 23. Bf3 a5 24. Qb3 axb4 25. axb4 Ne7 26. Ba7 Rc8 27. Re5 d6 28. Rh5
Nxd5 29. Bxd5 Qd7 30. Bf2 g6 31. Qd3 gxh5 32. Qg6+ Bg7 33. Bd4 Re5 34. fxe5
Bxd5 35. Qxg7+ Kxg7 36. e6+ Kh7 37. exd7 1/2-1/2

[Event "BL 8384 Porz-HSK"]
[Site "?"]
[Date "1984.??.??"]
[Round "?.6"]
[White "Gerusel, M."]
[Black "Hess, C."]
[Result "1-0"]
[WhiteElo "2390"]
[BlackElo "2230"]
[PlyCount "93"]
[EventDate "1984.??.??"]

1. d4 e6 2. c4 Bb4+ 3. Nc3 Nf6 4. e3 d5 5. Nf3 O-O 6. a3 Bxc3+ 7. bxc3 b6 8.
cxd5 exd5 9. Bd3 c5 10. O-O Ba6 11. Bxa6 Nxa6 12. Ne5 Re8 13. f3 Nc7 14. a4 Ne6
15. Bb2 Nd7 16. Nd3 Nb8 17. Ba3 Nc6 18. dxc5 Na5 19. Nb4 Nxc5 20. Nxd5 Rc8 21.
e4 Nc4 22. Bc1 Ne5 23. Be3 Ned3 24. Ra2 f5 25. Bxc5 Nxc5 26. exf5 Re5 27. Rd2
Qh4 28. Rd4 Qh6 29. Re1 Rce8 30. Rxe5 Rxe5 31. f4 Re8 32. Nc7 Rf8 33. Rd8 Qf6
34. Qd5+ Kh8 35. Rxf8+ Qxf8 36. Ne6 Nxe6 37. fxe6 h6 38. Qe5 Qe7 39. h3 Kg8 40.
Kh2 h5 41. f5 h4 42. Kg1 Kh7 43. Kf2 Kg8 44. Kf3 Kh7 45. Qe4 Qf6 46. e7 Qxc3+
47. Kg4 1-0

[Event "BL 8384 Porz-HSK"]
[Site "?"]
[Date "1984.??.??"]
[Round "?.7"]
[White "Zieher, H."]
[Black "Schmidt, B."]
[Result "1/2-1/2"]
[WhiteElo "2235"]
[BlackElo "2340"]
[PlyCount "86"]
[EventDate "1984.??.??"]

1. e4 e6 2. d4 d5 3. Nd2 Nf6 4. e5 Nfd7 5. Bd3 c5 6. c3 cxd4 7. cxd4 Nc6 8. Ne2
Nb6 9. O-O Bd7 10. Nf3 Be7 11. Nf4 g6 12. Nh3 h6 13. Nf4 Rg8 14. g3 a5 15. Kg2
a4 16. h4 Nb4 17. Bb1 Bb5 18. Re1 Qc7 19. a3 Nc6 20. Ne2 g5 21. hxg5 hxg5 22.
Nc3 Bc4 23. Bc2 Kd8 24. Be3 Bb3 25. Bxb3 axb3 26. Qxb3 Na5 27. Qb5 Nbc4 28.
Rac1 Ra6 29. Nd2 Rb6 30. Nxd5 Nxe3+ 31. Rxe3 Rxb5 32. Nxc7 Rxb2 33. Ne4 Nc6 34.
Na6 g4 35. Nac5 Kc7 36. Rd3 Rd8 37. Rcd1 Rc2 38. Na4 Rc4 39. Nac3 Kb6 40. Ne2
Ka7 41. N4c3 Ka6 42. f4 gxf3+ 43. Kxf3 f5 1/2-1/2

[Event "BL 8384 Bochum-Lasker"]
[Site "?"]
[Date "1984.??.??"]
[Round "?.1"]
[White "Wockenfuss, K."]
[Black "Schussler, H."]
[Result "1/2-1/2"]
[WhiteElo "2355"]
[BlackElo "2485"]
[PlyCount "58"]
[EventDate "1984.??.??"]

1. d4 Nf6 2. Nf3 e6 3. Nc3 Bb4 4. Bg5 h6 5. Bxf6 Qxf6 6. e4 b6 7. Bd3 Bxc3+ 8.
bxc3 Bb7 9. O-O O-O 10. Re1 d6 11. e5 Qe7 12. Qe2 Nd7 13. Be4 Bxe4 14. Qxe4
dxe5 15. Nxe5 Nxe5 16. Qxe5 Qd6 17. a4 Rfd8 18. Qb5 c5 19. dxc5 bxc5 20. h3
Rab8 21. Qe2 Qf4 22. Red1 Rxd1+ 23. Qxd1 Rb2 24. Qd8+ Kh7 25. Qd3+ g6 26. a5
Kg7 27. a6 Qf5 28. Qe3 Qd5 29. Qe2 Qf5 {.../36/} 1/2-1/2

[Event "BL 8384 Bochum-Lasker"]
[Site "?"]
[Date "1984.??.??"]
[Round "?.3"]
[White "Cladouras, P."]
[Black "Heinbuch, D."]
[Result "1/2-1/2"]
[WhiteElo "2290"]
[BlackElo "2280"]
[PlyCount "74"]
[EventDate "1984.??.??"]

1. e4 c5 2. Nf3 Nc6 3. Bb5 g6 4. O-O Bg7 5. Re1 e5 6. Bxc6 dxc6 7. b3 Qc7 8.
Bb2 Ne7 9. d3 O-O 10. Nbd2 b6 11. Qe2 f6 12. h3 g5 13. Nf1 Be6 14. Ng3 Qd7 15.
Nh2 Ng6 16. Rab1 Nf4 17. Qf3 Rae8 18. Ng4 h5 19. Ne3 g4 20. hxg4 hxg4 21. Qd1
Kf7 22. Nef5 Rh8 23. Qxg4 Bh6 24. Bc1 Reg8 25. Qf3 Bg5 26. Bxf4 exf4 27. Ne2
Rh4 28. Kf1 Bxf5 29. exf5 Qxf5 30. Qxc6 Rh1+ 31. Ng1 f3 32. Qb7+ Kg6 33. Qxf3
Qxf3 34. gxf3 Kf5 35. Kg2 Rgh8 36. f4 Bxf4 37. Nf3 R1h7 1/2-1/2

[Event "BL 8384 Bochum-Lasker"]
[Site "?"]
[Date "1984.??.??"]
[Round "?.4"]
[White "Ueter, H."]
[Black "Fette, M."]
[Result "0-1"]
[WhiteElo "2270"]
[BlackElo "2265"]
[PlyCount "60"]
[EventDate "1984.??.??"]

1. e4 c6 2. d4 d5 3. e5 Bf5 4. Nd2 e6 5. g4 Bg6 6. Ne2 c5 7. h4 h6 8. Nf4 Bh7
9. dxc5 Bxc5 10. Bd3 Bxd3 11. Nxd3 Bb6 12. Nf3 Ne7 13. h5 Nbc6 14. Qe2 Qd7 15.
c3 O-O-O 16. Bd2 Kb8 17. O-O-O Rc8 18. Kb1 Na5 19. Be3 Bxe3 20. Qxe3 Nc4 21.
Qf4 Ka8 22. Nd4 Nc6 23. Nxc6 Rxc6 24. Rhe1 Rb6 25. Ka1 Rc8 26. Rb1 Qa4 27. Qd4
Rcc6 28. Nb4 Rxb4 29. cxb4 Ra6 30. a3 Qxa3+ 0-1

[Event "BL 8384 Bochum-Lasker"]
[Site "?"]
[Date "1984.??.??"]
[Round "?.5"]
[White "Grzesik, T."]
[Black "Ackermann, H."]
[Result "0-1"]
[WhiteElo "2340"]
[BlackElo "2255"]
[PlyCount "53"]
[EventDate "1984.??.??"]

1. e4 c5 2. b3 e6 3. Nf3 Be7 4. Bb2 Nf6 5. e5 Nd5 6. g3 O-O 7. c4 Nb4 8. a3
N4c6 9. Bg2 Qb6 10. d3 Rd8 11. Nbd2 d5 12. exd6 Rxd6 13. Ne4 Rd8 14. Nfg5 h6
15. h4 Nd4 16. Qh5 Rf8 17. Bxd4 cxd4 18. b4 Qc7 19. Nf3 Rd8 20. g4 Nd7 21. Qb5
a5 22. g5 h5 23. g6 fxg6 24. Nfg5 Ne5 25. Rd1 Bd7 26. Nxe6 Bxe6 27. Ng5 0-1

[Event "BL 8384 Bochum-Lasker"]
[Site "?"]
[Date "1984.??.??"]
[Round "?.7"]
[White "Grzesik, F."]
[Black "Sehner, N."]
[Result "1/2-1/2"]
[WhiteElo "2260"]
[BlackElo "2315"]
[PlyCount "25"]
[EventDate "1984.??.??"]

1. e4 c5 2. c3 d5 3. exd5 Qxd5 4. d4 Nc6 5. Nf3 Nf6 6. Be3 cxd4 7. cxd4 e6 8.
Nc3 Qa5 9. a3 Ne4 10. Qb3 Be7 11. Bd3 Nxc3 12. bxc3 O-O 13. O-O 1/2-1/2

[Event "BL 8384 Solingen-Braunschweig"]
[Site "?"]
[Date "1984.??.??"]
[Round "?.2"]
[White "Spassky, B."]
[Black "Schruefer, G."]
[Result "1/2-1/2"]
[WhiteElo "2605"]
[BlackElo "2205"]
[PlyCount "63"]
[EventDate "1984.??.??"]

1. e4 c5 2. Nc3 g6 3. g3 d6 4. Bg2 Bg7 5. d3 Nc6 6. Be3 e6 7. Qd2 Nd4 8. Nd1 e5
9. c3 Ne6 10. Ne2 Ne7 11. O-O O-O 12. Bh6 d5 13. Bxg7 Kxg7 14. exd5 Nxd5 15.
Ne3 Nxe3 16. Qxe3 Qd6 17. Rad1 Rd8 18. Rd2 Kg8 19. f4 exf4 20. Nxf4 Nxf4 21.
Rxf4 Rb8 22. d4 Be6 23. Rh4 h5 24. Rf2 b6 25. Rf6 cxd4 26. cxd4 Qd7 27. Bf3 Bg4
28. Bxg4 hxg4 29. Qh6 Qxd4+ 30. Rf2 Qd1+ 31. Rf1 Qd4+ 32. Rf2 1/2-1/2

[Event "BL 8384 Lasker-Solingen"]
[Site "?"]
[Date "1984.??.??"]
[Round "?.3"]
[White "Lobron, E."]
[Black "Cladouras, P."]
[Result "1-0"]
[WhiteElo "2480"]
[BlackElo "2290"]
[PlyCount "103"]
[EventDate "1984.??.??"]

1. e4 e5 2. Nf3 Nc6 3. Bb5 a6 4. Ba4 Nf6 5. O-O Nxe4 6. d4 b5 7. Bb3 d5 8. dxe5
Be6 9. Be3 Bc5 10. Qe2 Na5 11. Nbd2 Bxe3 12. Qxe3 Nxd2 13. Nxd2 O-O 14. Rad1
Qe7 15. f4 f5 16. Nf3 Rfd8 17. Nd4 Rac8 18. Qd3 Nc4 19. Bxc4 bxc4 20. Qh3 g6
21. b4 cxb3 22. axb3 c5 23. Nf3 d4 24. Ng5 c4 25. bxc4 Rxc4 26. Rf2 a5 27. Rb1
Rc3 28. Qh6 Bd5 29. Rd2 Rc7 30. h4 Bc4 31. Rb6 Qg7 32. Qxg7+ Kxg7 33. Rd6 Ra8
34. R2xd4 Kh6 35. e6 Bb5 36. Rd7 Bxd7 37. exd7 Rxc2 38. d8=Q Rxd8 39. Rxd8 Kh5
40. Nxh7 Kxh4 41. Nf8 g5 42. Ne6 gxf4 43. Rh8+ Kg3 44. Rg8+ Kh4 45. Nxf4 Rc1+
46. Kf2 Rc2+ 47. Ke3 Rc3+ 48. Kd4 Rb3 49. Ke5 Rb5+ 50. Kf6 Rb3 51. Kxf5 Rb5+
52. Ke4 1-0

[Event "BL 8384 Lasker-Solingen"]
[Site "?"]
[Date "1984.??.??"]
[Round "?.4"]
[White "Fette, M."]
[Black "Lau, R."]
[Result "0-1"]
[WhiteElo "2265"]
[BlackElo "2395"]
[PlyCount "134"]
[EventDate "1984.??.??"]

1. e4 c5 2. Nf3 e6 3. Nc3 d6 4. Bb5+ Bd7 5. Bxd7+ Qxd7 6. O-O Nc6 7. d3 Nf6 8.
Bg5 Be7 9. Nd2 O-O 10. Re1 Rfe8 11. Nf3 Rac8 12. Qd2 h6 13. Bh4 a6 14. Rad1 b5
15. a3 Qc7 16. Rc1 Qb6 17. Ne2 c4 18. Nc3 cxd3 19. cxd3 Ne5 20. d4 Nxf3+ 21.
gxf3 Rc4 22. Rcd1 Rec8 23. Kh1 b4 24. axb4 Rxb4 25. Rg1 Kf8 26. d5 e5 27. f4
Rxb2 28. Na4 Rxd2 29. Nxb6 Rxd1 30. Rxd1 Rb8 31. fxe5 Rxb6 32. exf6 Bxf6 33.
Bxf6 gxf6 34. Rc1 f5 35. exf5 Ke7 36. Rc3 Kf6 37. Rh3 Kg5 38. Rc3 Kxf5 39. Rf3+
Kg6 40. Rg3+ Kf6 41. Rf3+ Ke7 42. Rh3 Rb5 43. Rxh6 a5 44. Rh4 Rxd5 45. Ra4 Kd7
46. h4 Kc6 47. Kg2 Kb5 48. Ra1 Kb4 49. Kg3 a4 50. Kg4 a3 51. h5 Ra5 52. h6 Ra8
53. Kf5 a2 54. h7 Kb3 55. Re1 Rh8 56. Re3+ Kb4 57. Re4+ Kb5 58. Re1 Rxh7 59.
Ra1 Rh5+ 60. Kf6 Rh3 61. Rxa2 Rf3+ 62. Ke7 d5 63. Kd6 Rf5 64. Rd2 Kc4 65. Rc2+
Kd3 66. Rc1 d4 67. Rd1+ Kc3 0-1

[Event "BL 8384 Lasker-Solingen"]
[Site "?"]
[Date "1984.??.??"]
[Round "?.5"]
[White "Dueball, J."]
[Black "Grzesik, T."]
[Result "0-1"]
[WhiteElo "2445"]
[BlackElo "2340"]
[PlyCount "78"]
[EventDate "1984.??.??"]

1. e4 e5 2. Nf3 Nc6 3. Bb5 Nd4 4. Nxd4 exd4 5. O-O Bc5 6. d3 c6 7. Bc4 d6 8.
Qh5 Qe7 9. Bg5 Nf6 10. Qh4 h6 11. Nd2 Rg8 12. Bxf6 Qxf6 13. Qxf6 gxf6 14. f4
Be6 15. f5 Bxc4 16. Nxc4 d5 17. exd5 cxd5 18. Nd2 Rc8 19. Rae1+ Kd7 20. Re2 Bd6
21. Nf3 Rg4 22. h3 Rf4 23. Ne1 Rc6 24. g4 Ra6 25. a3 Rxf1+ 26. Kxf1 Rb6 27. b3
Bxa3 28. Nf3 Bc5 29. h4 a5 30. Re1 Ra6 31. Ra1 b5 32. Ng1 a4 33. bxa4 bxa4 34.
Ne2 Bb4 35. Nc1 Bd2 36. Na2 Rc6 37. Rb1 Rxc2 38. Nb4 Bxb4 39. Rxb4 a3 0-1

[Event "BL 8384 Lasker-Solingen"]
[Site "?"]
[Date "1984.??.??"]
[Round "?.7"]
[White "Meyer, CD."]
[Black "Grzesik, F."]
[Result "1/2-1/2"]
[WhiteElo "2320"]
[BlackElo "2260"]
[PlyCount "78"]
[EventDate "1984.??.??"]

1. e4 Nf6 2. e5 Nd5 3. d4 d6 4. c4 Nb6 5. exd6 cxd6 6. Nc3 g6 7. h3 Bg7 8. Nf3
O-O 9. Be2 Nc6 10. O-O Bf5 11. b3 d5 12. c5 Nd7 13. Bb2 Be4 14. Na4 e5 15. dxe5
Ndxe5 16. Nxe5 Nxe5 17. f3 Bf5 18. f4 Nc6 19. Bxg7 Kxg7 20. Bf3 Be4 21. Qd2 f5
22. Rad1 Qf6 23. b4 a6 24. Nb6 Rad8 25. Bxe4 fxe4 26. Nxd5 Qe6 27. Qb2+ Kg8 28.
Qb3 Rf7 29. Rfe1 Kf8 30. Kh2 Rf5 31. Nc3 Qxb3 32. Rxd8+ Nxd8 33. axb3 Rxf4 34.
Rxe4 Rxe4 35. Nxe4 Nc6 36. Nd6 Nxb4 37. Nxb7 Ke7 38. Kg3 Kd7 39. Na5 Nd3
1/2-1/2

[Event "BL 8384 Braunschweig-Bochum"]
[Site "?"]
[Date "1984.??.??"]
[Round "?.1"]
[White "Schussler, H."]
[Black "Eng, H."]
[Result "1-0"]
[WhiteElo "2485"]
[BlackElo "2280"]
[PlyCount "67"]
[EventDate "1984.??.??"]

1. e4 e5 2. Nf3 Nf6 3. Nxe5 d6 4. Nf3 Nxe4 5. d4 d5 6. Bd3 Be7 7. O-O Nc6 8.
Re1 Bg4 9. c4 Nf6 10. cxd5 Nxd5 11. Nc3 O-O 12. h3 Be6 13. Qc2 h6 14. Bh7+ Kh8
15. Bf5 Ncb4 16. Qb1 Bxf5 17. Qxf5 Bf6 18. Bd2 Qc8 19. Qe4 c6 20. Ne5 Bxe5 21.
dxe5 Rd8 22. f4 Na6 23. Rad1 Nc5 24. Qc4 b6 25. Ne4 Nxe4 26. Qxe4 Ne7 27. Bb4
c5 28. Bc3 Qc6 29. Qxc6 Nxc6 30. f5 Nd4 31. e6 Ne2+ 32. Kf2 Nxc3 33. Rxd8+ Rxd8
34. exf7 1-0

[Event "BL 8384 Braunschweig-Bochum"]
[Site "?"]
[Date "1984.??.??"]
[Round "?.2"]
[White "Schruefer, G."]
[Black "Budde, V."]
[Result "1/2-1/2"]
[WhiteElo "2205"]
[BlackElo "2355"]
[PlyCount "68"]
[EventDate "1984.??.??"]

1. e4 c5 2. Nf3 e6 3. d4 cxd4 4. Nxd4 Nf6 5. Nc3 d6 6. Be2 Be7 7. O-O O-O 8.
Be3 a6 9. f4 Qc7 10. a4 Nc6 11. Nb3 b6 12. Bf3 Rb8 13. Qe2 Nb4 14. Rad1 e5 15.
f5 d5 16. Nxd5 Nfxd5 17. exd5 Qxc2 18. Na1 Qxa4 19. d6 Bf6 20. b3 Qd7 21. Be4
Nc6 22. Nc2 Bb7 23. Bxb6 Nd4 24. Nxd4 exd4 25. Bxb7 Rxb7 26. Bxd4 Qxd6 27. Bxf6
Qxf6 28. Rf3 Re7 29. Qd3 Rfe8 30. h3 h5 31. Qd6 Re1+ 32. Kh2 Rxd1 33. Qxd1 Qe5+
34. Kg1 Qc5+ 1/2-1/2

[Event "BL 8384 Bamberg-Bayern"]
[Site "?"]
[Date "1984.??.??"]
[Round "?.1"]
[White "Pfleger, He"]
[Black "Seppeur, R."]
[Result "1-0"]
[WhiteElo "2505"]
[BlackElo "2310"]
[PlyCount "85"]
[EventDate "1984.??.??"]

1. c4 c5 2. Nf3 Nf6 3. g3 d5 4. cxd5 Nxd5 5. Bg2 Nc6 6. Nc3 Nc7 7. d3 e5 8. O-O
Be7 9. Nd2 Bd7 10. Nc4 f6 11. f4 b5 12. Bxc6 Bxc6 13. Na5 Bd7 14. fxe5 Ne6 15.
Nb3 fxe5 16. e4 Bf6 17. Be3 Rc8 18. Nd5 O-O 19. Rc1 Bg5 20. Rxf8+ Qxf8 21. Qh5
Bxe3+ 22. Nxe3 Nd4 23. Rf1 Qd6 24. Qf7+ Kh8 25. Nxd4 exd4 26. Nf5 Bxf5 27. Qxf5
Rg8 28. e5 Qe7 29. b3 h6 30. e6 Re8 31. Qg6 Rg8 32. Rf7 Qd6 33. Qf5 c4 34. bxc4
bxc4 35. dxc4 d3 36. Rd7 Qb6+ 37. Kg2 Qb2+ 38. Kh3 d2 39. e7 Qb4 40. Qf7 Qb8
41. Rxd2 Qc8+ 42. g4 Qc6 43. Rd8 1-0

[Event "BL 8384 Bamberg-Bayern"]
[Site "?"]
[Date "1984.??.??"]
[Round "?.2"]
[White "Bartsch, B."]
[Black "Kindermann, S."]
[Result "1-0"]
[WhiteElo "2265"]
[BlackElo "2500"]
[PlyCount "105"]
[EventDate "1984.??.??"]

1. e4 c5 2. Nc3 Nc6 3. g3 g6 4. Bg2 Bg7 5. d3 d6 6. Be3 b5 7. Qd2 b4 8. Nd1 Bb7
9. f4 e6 10. Nf3 Nge7 11. h4 h5 12. O-O Qd7 13. Rb1 O-O 14. Nf2 f5 15. Nh3 Rae8
16. Nhg5 Kh8 17. c3 Ba6 18. Rfe1 Ng8 19. exf5 gxf5 20. d4 bxc3 21. bxc3 cxd4
22. Nxd4 Nd8 23. a4 Nf6 24. Nb5 Bxb5 25. Rxb5 d5 26. c4 Nc6 27. Bc5 Rg8 28. a5
Ng4 29. a6 Nd8 30. Reb1 d4 31. Rd1 Qc8 32. Bb7 Qc7 33. Bxa7 Qxc4 34. Rb4 Qc3
35. Qxc3 dxc3 36. Bb6 Nxb7 37. axb7 e5 38. Bd8 c2 39. Nf7+ Kh7 40. Rc1 Rxd8 41.
Nxd8 Rxd8 42. Rxc2 Rd1+ 43. Kg2 Ne3+ 44. Kf2 Nxc2 45. b8=Q Nxb4 46. Qxb4 e4 47.
Qa5 Kg6 48. Qb5 Rd8 49. g4 hxg4 50. h5+ Kxh5 51. Qxf5+ Kh6 52. Qg5+ Kh7 53.
Qxd8 1-0

[Event "BL 8384 Bamberg-Bayern"]
[Site "?"]
[Date "1984.??.??"]
[Round "?.3"]
[White "Hecht, H."]
[Black "Hartmann, Wo"]
[Result "1/2-1/2"]
[WhiteElo "2450"]
[BlackElo "2290"]
[PlyCount "107"]
[EventDate "1984.??.??"]

1. Nf3 c5 2. c4 g6 3. g3 Bg7 4. Bg2 Nc6 5. O-O e5 6. Nc3 Nge7 7. Ne1 O-O 8. Nc2
d6 9. d3 Be6 10. Ne3 Rb8 11. Ned5 a6 12. f4 f5 13. fxe5 dxe5 14. Be3 Qd6 15.
Qd2 b5 16. Rac1 b4 17. Nxe7+ Nxe7 18. Nd5 Nc6 19. Bh6 Rf7 20. Bxg7 Kxg7 21. Rf2
Ne7 22. Qe3 Rc8 23. Nxe7 Rxe7 24. Rcf1 Rd8 25. a3 bxa3 26. bxa3 Rb8 27. Bd5
Bxd5 28. cxd5 h6 29. g4 f4 30. Qe4 Rd7 31. e3 fxe3 32. Qxe3 Qxd5 33. g5 h5 34.
Rf6 Qxd3 35. Qxd3 Rxd3 36. Rxa6 Rd4 37. Ra7+ Kg8 38. Rff7 Rb2 39. Rfd7 Rxd7 40.
Rxd7 Ra2 41. Rc7 Rxa3 42. Rxc5 Re3 43. Kf2 Re4 44. h3 Kf7 45. Rc6 Rf4+ 46. Ke3
h4 47. Ra6 Rf5 48. Ra7+ Kf8 49. Ra8+ Kf7 50. Ra7+ Ke6 51. Ra6+ Kf7 52. Ra7+ Kg8
53. Ra8+ Rf8 54. Rxf8+ 1/2-1/2

[Event "BL 8384 Bamberg-Bayern"]
[Site "?"]
[Date "1984.??.??"]
[Round "?.4"]
[White "Backwinkel, P."]
[Black "Bischoff, K."]
[Result "0-1"]
[WhiteElo "2330"]
[BlackElo "2400"]
[PlyCount "96"]
[EventDate "1984.??.??"]

1. d4 Nf6 2. Nc3 d5 3. Bg5 e6 4. Nf3 Be7 5. Bxf6 gxf6 6. g3 b6 7. Bg2 Bb7 8.
O-O Nd7 9. a4 a6 10. e3 c5 11. Ne2 cxd4 12. Nfxd4 Nc5 13. Nc3 f5 14. Qh5 Bf6
15. b4 Bxd4 16. exd4 Ne4 17. Nxe4 dxe4 18. c3 Rc8 19. Qh6 Bd5 20. f3 Rxc3 21.
fxe4 fxe4 22. Rac1 Rc4 23. Qg7 Rf8 24. Rxc4 Bxc4 25. Rc1 Qd5 26. Qe5 Qxe5 27.
dxe5 Bd5 28. Re1 Ke7 29. Bxe4 Bxe4 30. Rxe4 Rc8 31. Rd4 Rc1+ 32. Kg2 Ra1 33.
Rd6 Rxa4 34. Rxb6 a5 35. Rb7+ Kf8 36. Rb8+ Kg7 37. Ra8 Ra2+ 38. Kh3 a4 39. b5
Rb2 40. Rxa4 Rxb5 41. Re4 Rb2 42. Rg4+ Kf8 43. Rg5 h6 44. Rh5 Kg7 45. Kg4 Kg6
46. Rh3 Rf2 47. Rh4 Rf5 48. Kh3 Rxe5 {ZÜ} 0-1

[Event "BL 8384 Bamberg-Bayern"]
[Site "?"]
[Date "1984.??.??"]
[Round "?.5"]
[White "Calvo Minguez, R."]
[Black "Treppner, G."]
[Result "1-0"]
[WhiteElo "2420"]
[BlackElo "2345"]
[PlyCount "91"]
[EventDate "1984.??.??"]

1. e4 e5 2. Nf3 Nf6 3. Nxe5 d6 4. Nf3 Nxe4 5. Qe2 Qe7 6. d3 Nf6 7. Bg5 Qxe2+ 8.
Bxe2 Be7 9. Nc3 c6 10. O-O-O Na6 11. Rde1 Nc7 12. Nd4 Ne6 13. Be3 Nxd4 14. Bxd4
Be6 15. f4 O-O 16. Bf3 Rfe8 17. Re2 d5 18. Rhe1 Bd6 19. g3 Red8 20. Bxf6 gxf6
21. Nd1 d4 22. a3 Rac8 23. Nf2 f5 24. Nh3 h6 25. Bh5 c5 26. Rxe6 fxe6 27. Rxe6
Bf8 28. Rf6 c4 29. dxc4 Rxc4 30. Rxf5 Rc7 31. Kd2 Bg7 32. Nf2 Rdc8 33. Bd1 Rc5
34. Rxc5 Rxc5 35. h4 Rc6 36. Bf3 Rc7 37. g4 b6 38. Bd5+ Kf8 39. Ne4 Rd7 40. Bc4
Ke7 41. g5 hxg5 42. hxg5 Rc7 43. Kd3 Rc8 44. f5 Be5 45. f6+ Kf8 46. g6 1-0

[Event "BL 8384 Bamberg-Bayern"]
[Site "?"]
[Date "1984.??.??"]
[Round "?.6"]
[White "Kestler, H."]
[Black "Klundt, K."]
[Result "1/2-1/2"]
[WhiteElo "2405"]
[BlackElo "2340"]
[PlyCount "68"]
[EventDate "1984.??.??"]

1. Nf3 Nf6 2. g3 d5 3. Bg2 c6 4. O-O Bg4 5. d3 e6 6. c4 Nbd7 7. cxd5 exd5 8.
Be3 Bc5 9. Bxc5 Nxc5 10. Nc3 O-O 11. Rc1 Re8 12. Re1 Qb6 13. Qd2 Rad8 14. Qc2
Ne6 15. e3 d4 16. Na4 Qa5 17. e4 b5 18. Nc5 Nxc5 19. Qxc5 Nd7 20. Qc2 Bxf3 21.
Bxf3 c5 22. Be2 Qxa2 23. Ra1 Qe6 24. Rxa7 c4 25. Rd1 Ne5 26. f4 cxd3 27. Bxd3
Rc8 28. Qe2 Nc4 29. Rda1 Ne3 30. Qh5 g6 31. Qxb5 Qh3 32. Bf1 Nxf1 33. Rxf1 Rxe4
34. Qd5 Qe6 1/2-1/2

[Event "BL 8384 München 36-Bamberg"]
[Site "?"]
[Date "1984.??.??"]
[Round "?.1"]
[White "Seppeur, R."]
[Black "Unzicker, W."]
[Result "0-1"]
[WhiteElo "2310"]
[BlackElo "2455"]
[PlyCount "95"]
[EventDate "1984.??.??"]

1. e4 e5 2. Nf3 Nc6 3. c3 Nf6 4. d4 Nxe4 5. d5 Ne7 6. Nxe5 Ng6 7. Bd3 Nxe5 8.
Bxe4 Bc5 9. Qh5 d6 10. h3 Qf6 11. O-O h6 12. b4 Bb6 13. a4 a5 14. Ra2 O-O 15.
b5 Bd7 16. Kh1 Rae8 17. Re2 Ng6 18. f4 Ne7 19. g4 g6 20. Qxh6 Nxd5 21. c4 Ne3
22. Bb2 Bd4 23. g5 Qh8 24. Qxh8+ Bxh8 25. Rxe3 Bxb2 26. Rfe1 Bd4 27. R3e2 c6
28. Kg2 Re7 29. Bf3 Rxe2+ 30. Rxe2 Re8 31. Rxe8+ Bxe8 32. Nd2 Kf8 33. Nb3 Bc3
34. Kf2 d5 35. bxc6 Bxc6 36. Bxd5 Bxa4 37. Nxa5 Bxa5 38. Bxb7 Ke7 39. h4 Bd2
40. Kf3 Be1 41. f5 Bxh4 42. Kg4 Bf2 43. Be4 Be8 44. Kf4 Kd6 45. Bd5 Be1 46.
fxg6 fxg6 47. Bg8 Bd2+ 48. Kg4 0-1